Statistics for Battleship Board Game on JetPunk!

Click here to take the quiz!

General Stats

  • This quiz has been taken 84 times
  • The average score is 7 of 15

Answer Stats

# Answer % Correct
2A3
65%
2B3
65%
5D7
53%
4G2
53%
5C7
51%
5F7
51%
5E7
51%
5B7
49%
4F2
49%
4E2
49%
4H2
47%
3H7
39%
3H8
36%
3H9
35%
1E3
28%

Score Distribution

Percentile by Number Answered

Percent of People with Each Score

Your Score History

You have not taken this quiz